Počátkowé Arytmetyky /

Hlavní autor: Vydra, Stanislav, 1741-1804
Další autoři: Gandera, Ladislav
Jazyk: Čeština
Vydáno: W Praze : C.k. normál. sskola, 1806
Témata:
Externí odkaz: Digitalizovaný dokument
Fyzický popis: [6], 254 s.
Knihy
Uloženo v:
LEADER 00834nam a2200241 a 4500
001 000692666
003 CZ BrMZK
005 20031017084726.0
007 ta
008 031016s1806 xr f cze d
015 |a cnb001631801 
035 |a (OCoLC)85165054 
040 |a BOA001  |b cze  |c BOA001 
100 1 |a Vydra, Stanislav,  |d 1741-1804  |7 jk01151137  |4 aut 
245 1 0 |a Počátkowé Arytmetyky /  |c Stanislav Vydra ; wydanj od Ladislawa Gandery 
260 |a W Praze :  |b C.k. normál. sskola,  |c 1806 
300 |a [6], 254 s. 
700 1 |a Gandera, Ladislav  |4 pbl 
856 4 1 |u http://kramerius.nkp.cz/kramerius/handle/ABA001/11238742  |y Digitalizovaný dokument 
910 |a BOA001  |b 2-0238.433 
964 |a Bohemika - stol. 19. 
990 |a BK 
996 6 |b 2619225751  |c 2-0238.433  |l MZK  |r Sklad / do 24 hodin  |n 2  |w 000692666  |u 000010  |a 1  |e BOA001  |j MZK50  |s P